000 00560pab a2200193 454500
008 180718b2013 xxu||||| |||| 00| 0 eng d
100 _aSosanud, Benjamin
245 _aClass in name only: Subjective class identity, objective class position, and note choice in American presidential elections
260 _c2013
300 _ap.81-99.
362 _aFeb
650 _aUnited states.President - Elections
650 _aElections
700 _aFrenk, Steven M.
700 _aBrady, Daviel
773 _aSocial Problems
908 _aN
909 _a99752
999 _c99751
_d99751